Statistics for 2010 Year in Review

Click here to take the quiz!

General Stats

  • This quiz has been taken 46,873 times
    (25,063 since last reset)
  • The average score is 14 of 22

Answer Stats

QuestionAnswer% Correct
Game about birds launching
themselves at pigs
Angry Birds
90%
Apple's new tablet deviceThe iPad
90%
Nickname of the U.S. health care billObamacare
85%
Musical artist: "Bad Romance"Lady Gaga
79%
Said "Imma let you finish" to Taylor SwiftKanye West
78%
Website that leaked classified documents
about American war crimes
WikiLeaks
75%
Musical artist: "Baby"Justin Bieber
74%
Musical artist: "I Gotta Feeling"The Black Eyed
Peas
72%
World Cup host nationSouth Africa
70%
Musical artist: "TiK ToK"Ke$ha
69%
Company that spilled oil in the Gulf of MexicoBP
68%
Miners are dramatically rescuedChile
68%
World Cup winnersSpain
67%
Volcano erupts, grounding
European flights
Iceland
65%
The new British P.M.David Cameron
62%
World Cup noisemakerVuvuzela
56%
7.0 earthquake kills 160,000Haiti
49%
Leader of that groupJulian Assange
49%
Right-wing protest group that was
very influential in U.S. elections
The Tea Party
42%
Player who had a televised "Decision" to take
his talents to South Beach
LeBron James
37%
He was ousted as "Tonight Show" hostConan O'Brien
34%
GM's new electric carChevy Volt
23%

Score Distribution

Percentile by Number Answered

Percent of People with Each Score

Your Score History

You have not taken this quiz since the last reset